La chimic et la vie / (Record no. 34505)

MARC details
000 -LEADER
campo de control de longitud fija 00472nam a2200169 i 4500
001 - NÚMERO DE CONTROL
campo de control 34505
003 - IDENTIFICADOR DE NÚMERO DE CONTROL
campo de control ES-MaACL
005 - FECHA Y HORA DE LA ÚLTIMA TRANSACCIÓN
campo de control 20230906154938.0
007 - CAMPO FIJO DE DESCRIPCIÓN FÍSICA--INFORMACIÓN GENERAL
campo de control de longitud fija t|
008 - DATOS DE LONGITUD FIJA--INFORMACIÓN GENERAL
campo de control de longitud fija 030207s1920 fr ||||1| fre d
100 1# - ENTRADA PRINCIPAL--NOMBRE DE PERSONA
Nombre de persona Bohn, Georges.
9 (RLIN) 29834
245 13 - MENCIÓN DEL TÍTULO
Título La chimic et la vie /
Mención de responsabilidad, etc. Georges Bohn et Anna Drzewina.
260 ## - PUBLICACIÓN, DISTRIBUCIÓN, ETC.
Lugar de publicación, distribución, etc. París :
Nombre del editor, distribuidor, etc. Ernest Flammarion,
Fecha de publicación, distribución, etc. 1920 (
Fabricante Hemmerte)
300 ## - DESCRIPCIÓN FÍSICA
Extensión 270 p. ;
Dimensiones 19 cm.
700 1# - ENTRADA AGREGADA--NOMBRE PERSONAL
Nombre de persona Drzewina, Anna.
9 (RLIN) 45691
852 ## - LOCALIZACIÓN
Ubicación ES-MaACL
Número de control de estantería F-6419
Holdings
Estatus retirado Estado de pérdida Estado de daño No para préstamo Biblioteca de origen Biblioteca actual Ubicación en estantería Fecha de adquisición Fuente de adquisición Total de préstamos Signatura topográfica completa Código de barras Visto por última vez Precio de reemplazo Tipo de ítem Koha
        Biblioteca del Ateneo de Madrid Biblioteca del Ateneo de Madrid Depósito 2 17/01/2008     F-6419 1035991 23/02/2023 23/02/2023 Libro impreso